00773nam a2200193 a 4500001001300000003000900013005001700022008004100039020001100080082001700091100002800108245005600136260004400192500003500236505001700271505024500288650001800533700002800551nice12345678IN_TiNIC20260116013841.0050524s1829 newa grp 000 0 eng  ac100000a954.022bFER aFerishta, Mahomed Kasim aHistory of the Rise of the Mahomedan Power in India aNew DelhibOriental Books Reprintc1829 aincludes index and biblioraphy2 aReprint 19812 aReprint 198100gV1.tHistory of the Rise of the Mahomedan Power in India.--gV2.tHistory of the Rise of the Mahomedan Power in India.--gV3.tHistory of the Rise of the Mahomedan Power in India.--gV4.tHistory of the Rise of the Mahomedan aIndia-History1 aFerishta, Mahomed Kasim